| 000 | 00392nam a2200109Ia 4500 | ||
|---|---|---|---|
| 008 | 160909s9999 xx 000 0 und d | ||
| 100 | _aDonnelly, Janet | ||
| 245 | _aUse of video games in patients' self-management of pain: A feasibility study | ||
| 260 |
_bUniversity of San Diego. _c2016 |
||
| 650 | _aFINANCIAL MANAGEMENT | ||
| 856 | _uhttp://pqdtopen.proquest.com/doc/1799048338.html?FMT=ABS | ||
| 999 |
_c304629 _d304629 |
||